Az aradi Tizenhárom [vers, kotta] /

Elmentve itt :
Bibliográfiai részletek
Szerzők: Móra László
Ehrlich Antal
Dokumentumtípus: Cikk
Megjelent: 1938
Sorozat:Gyakorlati pedagógia 4 No. 6
Kulcsszavak:Magyar irodalom - vers, Kotta - magyar
Tárgyszavak:
Online Access:http://acta.bibl.u-szeged.hu/51644
LEADER 00701nab a2200205 i 4500
001 acta51644
005 20250410093226.0
008 180427s1938 hu o 000 hun d
040 |a SZTE Egyetemi Kiadványok Repozitórium  |b hun 
041 |a hun 
100 1 |a Móra László 
245 1 3 |a Az aradi Tizenhárom   |h [elektronikus dokumentum] :  |b [vers, kotta] /  |c  Móra László 
260 |c 1938 
300 |a 342 
490 0 |a Gyakorlati pedagógia  |v 4 No. 6 
650 4 |a Bölcsészettudományok 
650 4 |a Nyelvek és irodalom 
695 |a Magyar irodalom - vers, Kotta - magyar 
700 0 1 |a Ehrlich Antal  |e aut 
856 4 0 |u http://acta.bibl.u-szeged.hu/51644/1/gyakorlati_1938_006_342.pdf  |z Dokumentum-elérés